All MLS Winners - Statistics

General Stats
  • This quiz has been taken 83 times
  • The average score is 14 of 27
Answer Stats
Year Winner % Correct
2002 Los Angeles Galaxy
76%
2005 Los Angeles Galaxy
76%
2011 Los Angeles Galaxy
76%
2012 Los Angeles Galaxy
76%
2014 Los Angeles Galaxy
76%
2021 New York City
73%
2022 Los Angeles FC
61%
2016 Seattle Sounders
61%
2019 Seattle Sounders
61%
1996 D.C. United
55%
1997 D.C. United
55%
1999 D.C. United
55%
2004 D.C. United
55%
2008 Columbus Crew
52%
2020 Columbus Crew
52%
2006 Houston Dynamo
51%
2007 Houston Dynamo
51%
2018 Atlanta United
49%
2015 Portland Timbers
48%
2017 Toronto FC
48%
1998 Chicago Fire
45%
2009 Real Salt Lake
38%
2001 San Jose Earthquakes
37%
2003 San Jose Earthquakes
37%
2010 Colorado Rapids
30%
2000 Sporting Kansas City
28%
2013 Sporting Kansas City
28%
No matching quizzes found
Score Distribution
Percent of People with Each Score
Percentile by Number Answered
Your Score History
You have not taken this quiz